The 117th annual report of the General Council 1984-5 (Record no. 78254)

MARC details
000 -LEADER
fixed length control field 00475cab a2200169 4500
001 - CONTROL NUMBER
control field L136337
008 - FIXED-LENGTH DATA ELEMENTS--GENERAL INFORMATION
fixed length control field 070125n1985 000 0 eng u
035 ## - SYSTEM CONTROL NUMBER
System control number (Sirsi) u136337
041 0# - LANGUAGE CODE
Language code of text/sound track or separate title eng
245 04 - TITLE STATEMENT
Title The 117th annual report of the General Council 1984-5
260 ## - PUBLICATION, DISTRIBUTION, ETC.
Date of publication, distribution, etc. 1985
490 #0 - SERIES STATEMENT
Series statement Chartered Surveyor Weekly
Volume/sequential designation 12(5) 1 August 1985, 343-346(4)
490 #0 - SERIES STATEMENT
Series statement RICS Annual Report
651 #4 - SUBJECT ADDED ENTRY--GEOGRAPHIC NAME
Geographic name International
690 ## - LOCAL SUBJECT ADDED ENTRY--TOPICAL TERM (OCLC, RLIN)
Topical term or geographic name as entry element ABOUT RICS-RICS ANNUAL REPORT
942 ## - ADDED ENTRY ELEMENTS (KOHA)
Suppress in OPAC 0
Holdings
Withdrawn status Lost status Source of classification or shelving scheme Damaged status Not for loan Home library Current library Shelving location Date acquired Total Checkouts Full call number Barcode Date last seen Copy number Price effective from Koha item type
    Dewey Decimal Classification     London London Journal article 25/01/2007   L136337 136337-1001 06/08/2019 1 06/08/2019 Journal article